000 01075cam a22003014a 4500
999 _c7994
_d7994
001 12286164
003 GZU
005 20210513125115.0
008 010123s2002 maua b 001 0 eng
010 _a 2001018867
020 _a0201635356
040 _aDLC
_cDLC
_dDLC
042 _apcc
050 0 0 _aHG3881
_b.HUG 2002
082 0 0 _a332.15
_221
100 1 _aHughes, Jane E.
_q(Jane Elizabeth)
245 1 0 _aInternational banking :
_btext and cases /
_cJane E. Hughes, Scott B. MacDonald.
260 _aBoston, MA :
_bAddison Wesley,
_cc2002.
300 _axvii, 484 p. :
_bill. ;
_c24 cm.
440 4 _aThe Addison-Wesley series in finance
504 _aIncludes bibliographical references (p. 463-467) and index.
650 0 _aBanks and banking, International.
700 1 _aMacDonald, Scott B.
906 _a7
_bcbc
_corignew
_d1
_eocip
_f20
_gy-gencatlg
942 _2lcc
_cBK
_h3881
_iHUG
_kHG